00430nam a2200157Ia 4500008004100000040001900041041001200060082002400072100001900096245004400115260004300159300001800202650002000220651001400240850001800254131103s9999 xx 000 0 und d aLoreto College aEnglish a920/GANbLCBED/4401 aRego, Aloysiug aGandhib points the way cAloysiug Rego aAllahabadbBetter Yourself Booksc1971 a112p c 18cm. aGandhi, Mahatma aBiography aLCBED/920/GAN